Land agreements for development purposes (Record no. 122234)
[ view plain ]
| 000 -LEADER | |
|---|---|
| fixed length control field | 02401nam a22003377a 4500 |
| 005 - DATE AND TIME OF LATEST TRANSACTION | |
| control field | 20260227112603.0 |
| 008 - FIXED-LENGTH DATA ELEMENTS--GENERAL INFORMATION | |
| fixed length control field | 251219t2025 xxk|||||o|||| 00| 0 eng d |
| 041 ## - LANGUAGE CODE | |
| Language code of text/sound track or separate title | eng |
| 100 ## - MAIN ENTRY--PERSONAL NAME | |
| Personal author | Batho, Paul |
| 110 ## - MAIN ENTRY--CORPORATE NAME | |
| Corporate author | Royal Institution of Chartered Surveyors |
| 245 ## - TITLE STATEMENT | |
| Title | Land agreements for development purposes |
| Medium | [Electronic resource] |
| 250 ## - EDITION | |
| Edition statement | 1st ed. |
| 260 ## - PUBLICATION INFORMATION | |
| Place of publication | London, |
| Publisher | Royal Institution of Chartered Surveyors, |
| Date | 16 December 2025 |
| 300 ## - PHYSICAL DESCRIPTION | |
| Physical description | 44p. |
| 490 ## - SERIES TITLE | |
| Series statement | RICS Professional Standard |
| 520 ## - ABSTRACT | |
| Abstract | This professional standard provides advice and sets out mandatory requirements for RICS members working on land agreements for development and promotion purposes. It explains the role of these agreements in defining responsibilities and commercial arrangements between landowners and developers or promoters. The document addresses the complexity and risks involved in land development, outlines common types of agreements, and sets principles to help avoid delays, disputes and unnecessary costs.<br/><br/>This standard is designed for RICS members working in the UK who advise landowners or developers/promoters on heads of terms for land agreements. It applies to all development contexts – greenfield or redevelopment sites, residential or mixed-use projects – and aims to ensure successful outcomes for all parties involved. |
| 520 ## - ABSTRACT | |
| Abstract | Effective from 1 March 2026 |
| 520 ## - ABSTRACT | |
| Abstract | On 9 February 2026, this professional standard was reissued to add at section 1 the wording ‘Please note that throughout this document the term ‘RICS members’ refers to ‘RICS members and RICS-regulated firms’. 27th February this professional standard was updated again to correct the affiliation for one of the Expert Group members. |
| 650 ## - KEYWORDS | |
| Keywords | BENCHMARK LAND VALUE |
| 650 ## - KEYWORDS | |
| Keywords | LAND |
| 650 ## - KEYWORDS | |
| Keywords | LAND AGREEMENT |
| 650 ## - KEYWORDS | |
| Keywords | MARKET VALUE |
| 650 ## - KEYWORDS | |
| Keywords | PROPERTY DEVELOPMENT |
| 650 ## - KEYWORDS | |
| Keywords | VALUATION |
| 651 ## - SUBJECT ADDED ENTRY--GEOGRAPHIC NAME | |
| Geographic name | England |
| 690 ## - BROAD SUBJECT | |
| Broad subject | Planning and development |
| 9 (RLIN) | 6259 |
| 710 ## - ADDED CORPORATE NAME | |
| Added corporate author | Royal Institution of Chartered Surveyors |
| 856 ## - ONLINE RESOURCE | |
| Uniform Resource Identifier | <a href="https://www.rics.org/profession-standards/rics-standards-and-guidance/sector-standards/land-standards/land-agreements-development-purposes">https://www.rics.org/profession-standards/rics-standards-and-guidance/sector-standards/land-standards/land-agreements-development-purposes</a> |
| Public note | view the overview page |
| 856 ## - ONLINE RESOURCE | |
| Uniform Resource Identifier | <a href="https://www.rics.org/content/dam/ricsglobal/documents/standards/Land-agreements-development-purposes_1st-edition_V2.pdf">https://www.rics.org/content/dam/ricsglobal/documents/standards/Land-agreements-development-purposes_1st-edition_V2.pdf</a> |
| Public note | View the pdf |
| 942 ## - ADDED ENTRY ELEMENTS (KOHA) | |
| Suppress in OPAC | Do not suppress in OPAC |
| Lost status | Damaged status | Not for loan | Current library | Shelving location | Date acquired | Total Checkouts | Full call number | Date last seen | Price effective from | Koha item type |
|---|---|---|---|---|---|---|---|---|---|---|
| Virtual | Online | 19/12/2025 | ONLINE PUBLICATION | 19/12/2025 | 19/12/2025 | Online material |